[Event "417 Stay Safe Play From Home series"]
[Site "Emanuel Lasker Arena"]
[Date "2020.08.28"]
[Round "6"]
[White "KING o KONG"]
[Black "W Nelles"]
[Result "0-1"]
[WhiteElo "949"]
[BlackElo "1214"]
[Annotator "NA"]
[PlyCount "56"]
[EventDate "2020.08.28"]
[EventType "swiss (blitz)"]

1. d3 {[%emt 0:00:03]} d5 {[%emt 0:00:01]} 2. e3 {[%emt 0:00:01]} Nc6 {[%emt 0:00:01]} 3. b3 {[%emt 0:00:03]} e5 {[%emt 0:00:01]} 4. Bb2 {[%emt 0:00:01]} f6 {[%emt 0:00:01]} 5. a3 {[%emt 0:00:01]} g6 {[%emt 0:00:01]} 6. g3 {[%emt 0:00:01]} Bd6 {[%emt 0:00:01]} 7. Bg2 {[%emt 0:00:01]} Nge7 {[%emt 0:00:02]} 8. Nd2 {[%emt 0:00:01]} h5 {[%emt 0:00:02]} 9. Ngf3 {[%emt 0:00:01]} Bg4 {[%emt 0:00:01]} 10. d4 {[%emt 0:00:03]} e4 {[%emt 0:00:01]} 11. h3 {[%emt 0:00:06]} exf3 {[%emt 0:00:03]} 12. Nxf3 {[%emt 0:00:07]} Bxf3 {[%emt 0:00:02]} 13. Bxf3 {[%emt 0:00:01]} Nf5 {[%emt 0:00:02]} 14. Qd2 {[%emt 0:00:03]} Qe7 {[%emt 0:00:02]} 15. O-O-O {[%emt 0:00:02]} O-O-O {[%emt 0:00:02]} 16. g4 {[%emt 0:00:01]} Ng7 {[%emt 0:00:04]} 17. gxh5 {[%emt 0:00:01]} gxh5 {[%emt 0:00:04]} 18. Bc3 {[%emt 0:00:05]} Kb8 {[%emt 0:00:01]} 19. Rdg1 {[%emt 0:00:01]} Nf5 {[%emt 0:00:01]} 20. Rg2 {[%emt 0:00:02]} Nh4 {[%emt 0:00:01]} 21. Rgg1 {[%emt 0:00:06]} Nxf3 {[%emt 0:00:02]} 22. Qe2 {[%emt 0:00:01]} Nxg1 {[%emt 0:00:01]} 23. Rxg1 {[%emt 0:00:01]} Rdg8 {[%emt 0:00:05]} 24. Rh1 {[%emt 0:00:02]} Rg2 {[%emt 0:00:02]} 25. Rf1 {[%emt 0:00:02]} Rhg8 {[%emt 0:00:01]} 26. Kb2 {[%emt 0:00:02]} Rg1 {[%emt 0:00:01]} 27. Rxg1 {[%emt 0:00:02]} Rxg1 {[%emt 0:00:02]} 28. Qxh5 {[%emt 0:00:02]} Qd8 {[%emt 0:00:05] TimeW TimeW TimeW} 0-1

[Event "417 Stay Safe Play From Home series"]
[Site "Emanuel Lasker Arena"]
[Date "2020.08.28"]
[Round "7"]
[White "NTBT_DHS"]
[Black "Fischer_11"]
[Result "1-0"]
[WhiteElo "2576"]
[BlackElo "2042"]
[Annotator "NA"]
[PlyCount "67"]
[EventDate "2020.08.28"]
[EventType "swiss (blitz)"]

1. d4 {[%emt 0:00:02]} e5 {[%emt 0:00:02]} 2. c4 {[%emt 0:00:00]} exd4 {[%emt 0:00:00]} 3. Qxd4 {[%emt 0:00:01]} Nc6 {[%emt 0:00:00]} 4. Qe4+ {[%emt 0:00:00]} Qe7 {[%emt 0:00:01]} 5. Nc3 {[%emt 0:00:02]} Qxe4 {[%emt 0:00:01]} 6. Nxe4 {[%emt 0:00:00]} Be7 {[%emt 0:00:00]} 7. Bf4 {[%emt 0:00:01]} d6 {[%emt 0:00:01]} 8. Nf3 {[%emt 0:00:01]} Nf6 {[%emt 0:00:00]} 9. Nc3 {[%emt 0:00:01]} O-O {[%emt 0:00:00]} 10. e3 {[%emt 0:00:01]} Bg4 {[%emt 0:00:01]} 11. Be2 {[%emt 0:00:01]} Rfe8 {[%emt 0:00:02]} 12. h3 {[%emt 0:00:00]} Bh5 {[%emt 0:00:01]} 13. O-O {[%emt 0:00:01]} Bg6 {[%emt 0:00:00]} 14. Rfe1 {[%emt 0:00:01]} Ne4 {[%emt 0:00:01]} 15. Nxe4 {[%emt 0:00:01]} Bxe4 {[%emt 0:00:00]} 16. a3 {[%emt 0:00:00]} Bf6 {[%emt 0:00:04]} 17. Ra2 {[%emt 0:00:00]} Bc2 {[%emt 0:00:05]} 18. Nd2 {[%emt 0:00:04]} Be5 {[%emt 0:00:06]} 19. Bxe5 {[%emt 0:00:04]} Rxe5 {[%emt 0:00:00]} 20. b4 {[%emt 0:00:01]} Rae8 {[%emt 0:00:02]} 21. Rxc2 {[%emt 0:00:01]} f5 {[%emt 0:00:02]} 22. Nf3 {[%emt 0:00:01]} Re4 {[%emt 0:00:01]} 23. Bd3 {[%emt 0:00:01]} R4e7 {[%emt 0:00:02]} 24. Bxf5 {[%emt 0:00:01]} g6 {[%emt 0:00:00]} 25. Bd3 {[%emt 0:00:01]} Kg7 {[%emt 0:00:01]} 26. Rd1 {[%emt 0:00:01]} a5 {[%emt 0:00:01]} 27. b5 {[%emt 0:00:01]} Ne5 {[%emt 0:00:02]} 28. Nxe5 {[%emt 0:00:01]} Rxe5 {[%emt 0:00:00]} 29. a4 {[%emt 0:00:01]} b6 {[%emt 0:00:01]} 30. g3 {[%emt 0:00:00]} Kf6 {[%emt 0:00:00]} 31. Kg2 {[%emt 0:00:00]} g5 {[%emt 0:00:01]} 32. Bxh7 {[%emt 0:00:02]} R8e7 {[%emt 0:00:04]} 33. Bd3 {[%emt 0:00:01]} Rh7 {[%emt 0:00:00]} 34. Bxh7 {[%emt 0:00:01] Fischer_11 gibt auf Fischer_11 gibt auf Fischer_11 gibt auf (Lag: Av=0.48s, max=0.7s) (Lag: Av=0.48s, max=0.7s) (Lag: Av=0.48s, max=0.7s)} 1-0

[Event "417 Stay Safe Play From Home series"]
[Site "Emanuel Lasker Arena"]
[Date "2020.08.28"]
[Round "7"]
[White "Tran Minh Thang"]
[Black "AChessPlayer"]
[Result "1-0"]
[WhiteElo "2426"]
[BlackElo "2315"]
[PlyCount "93"]
[EventDate "2020.08.28"]
[EventType "swiss (blitz)"]

1. Nf3 {[%emt 0:00:01]} Nf6 {[%emt 0:00:01]} 2. e3 {[%emt 0:00:00]} g6 {[%emt 0:00:00]} 3. c4 {[%emt 0:00:01]} Bg7 {[%emt 0:00:00]} 4. Nc3 {[%emt 0:00:00]} O-O {[%emt 0:00:00]} 5. Be2 {[%emt 0:00:00]} c6 {[%emt 0:00:00]} 6. O-O {[%emt 0:00:01]} d5 {[%emt 0:00:00]} 7. d4 {[%emt 0:00:00]} Nbd7 {[%emt 0:00:01]} 8. a4 {[%emt 0:00:01]} a5 {[%emt 0:00:01]} 9. Bd2 {[%emt 0:00:02]} e6 {[%emt 0:00:00]} 10. c5 {[%emt 0:00:01]} b6 {[%emt 0:00:01]} 11. cxb6 {[%emt 0:00:03]} Qxb6 {[%emt 0:00:00]} 12. Rb1 {[%emt 0:00:00]} c5 {[%emt 0:00:01]} 13. dxc5 {[%emt 0:00:03]} Nxc5 {[%emt 0:00:00]} 14. Nb5 {[%emt 0:00:01]} Bd7 {[%emt 0:00:02]} 15. Bc3 {[%emt 0:00:02]} Rfc8 {[%emt 0:00:02]} 16. Bd4 {[%emt 0:00:01]} Nfe4 {[%emt 0:00:04]} 17. Bxg7 {[%emt 0:00:01]} Kxg7 {[%emt 0:00:00]} 18. Ne5 {[%emt 0:00:00]} Be8 {[%emt 0:00:01]} 19. Qd4 {[%emt 0:00:02]} f6 {[%emt 0:00:01]} 20. Nd3 {[%emt 0:00:03]} Nd7 {[%emt 0:00:06]} 21. Nf4 {[%emt 0:00:04]} Qxd4 {[%emt 0:00:03]} 22. Nxe6+ {[%emt 0:00:01]} Kg8 {[%emt 0:00:01]} 23. Nexd4 {[%emt 0:00:02]} Nd2 {[%emt 0:00:01]} 24. Bf3 {[%emt 0:00:03]} Nb6 {[%emt 0:00:04]} 25. Rbd1 {[%emt 0:00:06]} Nxf1 {[%emt 0:00:01]} 26. Kxf1 {[%emt 0:00:00]} Rd8 {[%emt 0:00:02]} 27. Nc7 {[%emt 0:00:01]} Rac8 {[%emt 0:00:01]} 28. Ncb5 {[%emt 0:00:02]} Kg7 {[%emt 0:00:02]} 29. Ne6+ {[%emt 0:00:01]} Kf7 {[%emt 0:00:01]} 30. Nxd8+ {[%emt 0:00:00]} Rxd8 {[%emt 0:00:00]} 31. Nc3 {[%emt 0:00:00]} Bxa4 {[%emt 0:00:02]} 32. Nxa4 {[%emt 0:00:01]} Nxa4 {[%emt 0:00:00]} 33. Rxd5 {[%emt 0:00:01]} Rxd5 {[%emt 0:00:05]} 34. Bxd5+ {[%emt 0:00:00]} Ke7 {[%emt 0:00:00]} 35. b3 {[%emt 0:00:00]} Nc3 {[%emt 0:00:01]} 36. Bg8 {[%emt 0:00:01]} h6 {[%emt 0:00:01]} 37. Ke1 {[%emt 0:00:00]} f5 {[%emt 0:00:01]} 38. f3 {[%emt 0:00:01]} Nb5 {[%emt 0:00:01]} 39. Kd2 {[%emt 0:00:00]} Nc7 {[%emt 0:00:01]} 40. Kd3 {[%emt 0:00:01]} g5 {[%emt 0:00:01]} 41. Bc4 {[%emt 0:00:01]} Kd6 {[%emt 0:00:00]} 42. g3 {[%emt 0:00:00]} Ne8 {[%emt 0:00:01]} 43. f4 {[%emt 0:00:00]} Nf6 {[%emt 0:00:01]} 44. fxg5 {[%emt 0:00:00]} hxg5 {[%emt 0:00:00]} 45. h4 {[%emt 0:00:00]} gxh4 {[%emt 0:00:01]} 46. gxh4 {[%emt 0:00:00]} Ne4 {[%emt 0:00:00]} 47. Ke2 {[%emt 0:00:01] AChessPlayer reconnected. AChessPlayer reconnected. AChessPlayer reconnected. Time Time Time (Lag: Av=0.94s, max=1.8s) (Lag: Av=0.94s, max=1.8s) (Lag: Av=0.94s, max=1.8s)} 1-0

[Event "417 Stay Safe Play From Home series"]
[Site "Emanuel Lasker Arena"]
[Date "2020.08.28"]
[Round "7"]
[White "IceQueen"]
[Black "Hickey"]
[Result "1-0"]
[WhiteElo "2394"]
[BlackElo "2334"]
[PlyCount "47"]
[EventDate "2020.08.28"]
[EventType "swiss (blitz)"]

1. e4 {[%emt 0:00:01]} c6 {[%emt 0:00:01]} 2. Nc3 {[%emt 0:00:00]} d5 {[%emt 0:00:00]} 3. d4 {[%emt 0:00:00]} dxe4 {[%emt 0:00:01]} 4. Nxe4 {[%emt 0:00:00]} Nf6 {[%emt 0:00:00]} 5. Nxf6+ {[%emt 0:00:01]} exf6 {[%emt 0:00:00]} 6. c3 {[%emt 0:00:00]} Bd6 {[%emt 0:00:00]} 7. Bd3 {[%emt 0:00:00]} O-O {[%emt 0:00:00]} 8. Ne2 {[%emt 0:00:00]} Re8 {[%emt 0:00:01]} 9. Qc2 {[%emt 0:00:00]} h5 {[%emt 0:00:01]} 10. O-O {[%emt 0:00:00]} Qc7 {[%emt 0:00:01]} 11. h3 {[%emt 0:00:01]} h4 {[%emt 0:00:02]} 12. Bd2 {[%emt 0:00:01]} Be6 {[%emt 0:00:01]} 13. Rae1 {[%emt 0:00:02]} Nd7 {[%emt 0:00:00]} 14. f4 {[%emt 0:00:00]} b5 {[%emt 0:00:03]} 15. b3 {[%emt 0:00:04]} f5 {[%emt 0:00:01]} 16. Bxf5 {[%emt 0:00:02]} Bxf5 {[%emt 0:00:00]} 17. Qxf5 {[%emt 0:00:00]} Nf6 {[%emt 0:00:02]} 18. Nc1 {[%emt 0:00:03]} Nd5 {[%emt 0:00:03]} 19. Nd3 {[%emt 0:00:02]} g6 {[%emt 0:00:03]} 20. Qg4 {[%emt 0:00:01]} Be7 {[%emt 0:00:01]} 21. f5 {[%emt 0:00:01]} Qc8 {[%emt 0:00:07]} 22. fxg6 {[%emt 0:00:01]} Qxg4 {[%emt 0:00:01]} 23. gxf7+ {[%emt 0:00:00]} Kh7 {[%emt 0:00:00]} 24. fxe8=Q {[%emt 0:00:01] Hickey resigns Hickey resigns Hickey resigns (Lag: Av=0.57s, max=0.8s) (Lag: Av=0.57s, max=0.8s) (Lag: Av=0.57s, max=0.8s)} 1-0

[Event "417 Stay Safe Play From Home series"]
[Site "Emanuel Lasker Arena"]
[Date "2020.08.28"]
[Round "7"]
[White "Nguyen Hong Anh"]
[Black "Leopart"]
[Result "1-0"]
[WhiteElo "2271"]
[BlackElo "1575"]
[PlyCount "59"]
[EventDate "2020.08.28"]
[EventType "swiss (blitz)"]

1. d4 {[%emt 0:00:01]} d5 {[%emt 0:00:01]} 2. c4 {[%emt 0:00:01]} e6 {[%emt 0:00:01]} 3. Nf3 {[%emt 0:00:02]} Nf6 {[%emt 0:00:01]} 4. g3 {[%emt 0:00:00]} c6 {[%emt 0:00:01]} 5. Bg2 {[%emt 0:00:00]} Be7 {[%emt 0:00:01]} 6. Qc2 {[%emt 0:00:00]} O-O {[%emt 0:00:01]} 7. O-O {[%emt 0:00:00]} h6 {[%emt 0:00:01]} 8. Nbd2 {[%emt 0:00:00]} Nbd7 {[%emt 0:00:03]} 9. e4 {[%emt 0:00:00]} dxe4 {[%emt 0:00:03]} 10. Nxe4 {[%emt 0:00:00]} Nxe4 {[%emt 0:00:01]} 11. Qxe4 {[%emt 0:00:00]} Nf6 {[%emt 0:00:01]} 12. Qe2 {[%emt 0:00:00]} Qc7 {[%emt 0:00:06]} 13. Rd1 {[%emt 0:00:00]} Rd8 {[%emt 0:00:02]} 14. Bf4 {[%emt 0:00:01]} Qb6 {[%emt 0:00:02]} 15. Rac1 {[%emt 0:00:02]} Qa5 {[%emt 0:00:04]} 16. a3 {[%emt 0:00:02]} Bd6 {[%emt 0:00:01]} 17. Ne5 {[%emt 0:00:01]} Bxe5 {[%emt 0:00:01]} 18. Bxe5 {[%emt 0:00:01]} Nd7 {[%emt 0:00:02]} 19. Bd6 {[%emt 0:00:01]} Nb6 {[%emt 0:00:03]} 20. Bb4 {[%emt 0:00:01]} Qa6 {[%emt 0:00:02]} 21. Bf1 {[%emt 0:00:01]} Nd7 {[%emt 0:00:04]} 22. Qf3 {[%emt 0:00:03]} Nf6 {[%emt 0:00:02]} 23. c5 {[%emt 0:00:01]} b6 {[%emt 0:00:03]} 24. Bxa6 {[%emt 0:00:02]} Bxa6 {[%emt 0:00:02]} 25. Qxc6 {[%emt 0:00:00]} Rab8 {[%emt 0:00:03]} 26. cxb6 {[%emt 0:00:01]} axb6 {[%emt 0:00:02]} 27. Qc7 {[%emt 0:00:01]} Rdc8 {[%emt 0:00:03]} 28. Qf4 {[%emt 0:00:01]} Bb7 {[%emt 0:00:02]} 29. Rxc8+ {[%emt 0:00:02]} Rxc8 {[%emt 0:00:01]} 30. Rc1 {[%emt 0:00:00] Zeit Zeit Zeit (Lag: Av=0.62s, max=1.1s) (Lag: Av=0.62s, max=1.1s) (Lag: Av=0.62s, max=1.1s)} 1-0

[Event "417 Stay Safe Play From Home series"]
[Site "Emanuel Lasker Arena"]
[Date "2020.08.28"]
[Round "7"]
[White "Lazieri3"]
[Black "KING o KONG"]
[Result "1-0"]
[WhiteElo "2076"]
[BlackElo "943"]
[Annotator "NA"]
[PlyCount "57"]
[EventDate "2020.08.28"]
[EventType "swiss (blitz)"]

1. e4 {[%emt 0:00:03]} e6 {[%emt 0:00:01]} 2. Nc3 {[%emt 0:00:01]} d6 {[%emt 0:00:01]} 3. d3 {[%emt 0:00:00]} b6 {[%emt 0:00:02]} 4. Nf3 {[%emt 0:00:00]} Bb7 {[%emt 0:00:01]} 5. Bg5 {[%emt 0:00:01]} Be7 {[%emt 0:00:03]} 6. Bxe7 {[%emt 0:00:00]} Nxe7 {[%emt 0:00:04]} 7. g3 {[%emt 0:00:00]} g6 {[%emt 0:00:01]} 8. Bg2 {[%emt 0:00:00]} Qd7 {[%emt 0:00:01]} 9. O-O {[%emt 0:00:01]} Nbc6 {[%emt 0:00:02]} 10. h3 {[%emt 0:00:00]} Ne5 {[%emt 0:00:01]} 11. Nxe5 {[%emt 0:00:01]} dxe5 {[%emt 0:00:01]} 12. f4 {[%emt 0:00:00]} O-O-O {[%emt 0:00:01]} 13. fxe5 {[%emt 0:00:01]} f5 {[%emt 0:00:02]} 14. exf6 {[%emt 0:00:01]} Nc6 {[%emt 0:00:04]} 15. f7 {[%emt 0:00:01]} Rhf8 {[%emt 0:00:01]} 16. Qf3 {[%emt 0:00:02]} Ne5 {[%emt 0:00:01]} 17. Qe3 {[%emt 0:00:01]} Nxf7 {[%emt 0:00:01]} 18. Rad1 {[%emt 0:00:02]} h6 {[%emt 0:00:02]} 19. d4 {[%emt 0:00:02]} Ng5 {[%emt 0:00:01]} 20. d5 {[%emt 0:00:02]} Nxh3+ {[%emt 0:00:03]} 21. Bxh3 {[%emt 0:00:02]} g5 {[%emt 0:00:01]} 22. Bxe6 {[%emt 0:00:02]} Qxe6 {[%emt 0:00:01]} 23. dxe6 {[%emt 0:00:01]} Rxf1+ {[%emt 0:00:05]} 24. Rxf1 {[%emt 0:00:02]} Re8 {[%emt 0:00:04]} 25. e7 {[%emt 0:00:03]} Rxe7 {[%emt 0:00:01]} 26. Rf8+ {[%emt 0:00:00]} Kd7 {[%emt 0:00:02]} 27. Qd4+ {[%emt 0:00:00]} Kc6 {[%emt 0:00:04]} 28. Rf6+ {[%emt 0:00:01]} Re6 {[%emt 0:00:05]} 29. Rxe6# {[%emt 0:00:00] (Lag: Av=0.36s, max=0.5s) (Lag: Av=0.36s, max=0.5s) (Lag: Av=0.36s, max=0.5s) Mate Mate Mate} 1-0

[Event "417 Stay Safe Play From Home series"]
[Site "Emanuel Lasker Arena"]
[Date "2020.08.28"]
[Round "7"]
[White "GIULIO19031975"]
[Black "GMONIK"]
[Result "1-0"]
[WhiteElo "1870"]
[BlackElo "1832"]
[Annotator "NA"]
[PlyCount "97"]
[EventDate "2020.08.28"]
[EventType "swiss (blitz)"]

1. e4 {[%emt 0:00:01]} c5 {[%emt 0:00:01]} 2. Nf3 {[%emt 0:00:00]} Nc6 {[%emt 0:00:01]} 3. Nc3 {[%emt 0:00:00]} g6 {[%emt 0:00:03]} 4. Bb5 {[%emt 0:00:01]} Bg7 {[%emt 0:00:01]} 5. Bxc6 {[%emt 0:00:01]} bxc6 {[%emt 0:00:01]} 6. O-O {[%emt 0:00:00]} Nf6 {[%emt 0:00:01]} 7. d4 {[%emt 0:00:01]} cxd4 {[%emt 0:00:03]} 8. Nxd4 {[%emt 0:00:00]} O-O {[%emt 0:00:00]} 9. e5 {[%emt 0:00:00]} Nd5 {[%emt 0:00:01]} 10. Nf3 {[%emt 0:00:00]} Nxc3 {[%emt 0:00:01]} 11. bxc3 {[%emt 0:00:00]} d6 {[%emt 0:00:00]} 12. exd6 {[%emt 0:00:01]} Qxd6 {[%emt 0:00:01]} 13. Qxd6 {[%emt 0:00:04]} exd6 {[%emt 0:00:00]} 14. Rb1 {[%emt 0:00:01]} Be6 {[%emt 0:00:02]} 15. Ba3 {[%emt 0:00:01]} c5 {[%emt 0:00:03]} 16. Rb7 {[%emt 0:00:01]} Bxc3 {[%emt 0:00:04]} 17. Bb2 {[%emt 0:00:02]} Ba5 {[%emt 0:00:01]} 18. Bf6 {[%emt 0:00:02]} Bb6 {[%emt 0:00:01]} 19. Be7 {[%emt 0:00:01]} Bd5 {[%emt 0:00:03]} 20. Rd7 {[%emt 0:00:02]} Rfe8 {[%emt 0:00:03]} 21. Bxd6 {[%emt 0:00:01]} Bxa2 {[%emt 0:00:02]} 22. Ng5 {[%emt 0:00:01]} Be6 {[%emt 0:00:01]} 23. Nxe6 {[%emt 0:00:01]} Rxe6 {[%emt 0:00:00]} 24. Bg3 {[%emt 0:00:01]} Rae8 {[%emt 0:00:00]} 25. h4 {[%emt 0:00:01]} Re1 {[%emt 0:00:01]} 26. Rxe1 {[%emt 0:00:01]} Rxe1+ {[%emt 0:00:00]} 27. Kh2 {[%emt 0:00:00]} a6 {[%emt 0:00:01]} 28. h5 {[%emt 0:00:01]} a5 {[%emt 0:00:01]} 29. Rb7 {[%emt 0:00:01]} Bd8 {[%emt 0:00:02]} 30. Rb8 {[%emt 0:00:01]} Re8 {[%emt 0:00:00]} 31. Bc7 {[%emt 0:00:02]} a4 {[%emt 0:00:02]} 32. Rxd8 {[%emt 0:00:02]} Rxd8 {[%emt 0:00:01]} 33. Bxd8 {[%emt 0:00:00]} a3 {[%emt 0:00:00]} 34. Bf6 {[%emt 0:00:02]} gxh5 {[%emt 0:00:00]} 35. Kg3 {[%emt 0:00:01]} Kf8 {[%emt 0:00:00]} 36. Kh4 {[%emt 0:00:01]} Ke8 {[%emt 0:00:00]} 37. Kxh5 {[%emt 0:00:00]} Kd7 {[%emt 0:00:00]} 38. Kh6 {[%emt 0:00:01]} Ke6 {[%emt 0:00:00]} 39. Ba1 {[%emt 0:00:01]} Kd5 {[%emt 0:00:00]} 40. Kxh7 {[%emt 0:00:00]} f5 {[%emt 0:00:01]} 41. Kg7 {[%emt 0:00:00]} f4 {[%emt 0:00:00]} 42. Kf6 {[%emt 0:00:01]} f3 {[%emt 0:00:00]} 43. g4 {[%emt 0:00:01]} Ke4 {[%emt 0:00:02]} 44. g5 {[%emt 0:00:01]} c4 {[%emt 0:00:00]} 45. g6 {[%emt 0:00:00]} a2 {[%emt 0:00:00]} 46. g7 {[%emt 0:00:01]} Kd5 {[%emt 0:00:00]} 47. g8=Q+ {[%emt 0:00:00]} Kc5 {[%emt 0:00:00]} 48. Qe6 {[%emt 0:00:01]} Kb4 {[%emt 0:00:00]} 49. Qe3 {[%emt 0:00:01] GMONIK abbandona GMONIK abbandona GMONIK abbandona (Lag: Av=0.56s, max=4.0s) (Lag: Av=0.56s, max=4.0s) (Lag: Av=0.56s, max=4.0s)} 1-0

[Event "417 Stay Safe Play From Home series"]
[Site "Emanuel Lasker Arena"]
[Date "2020.08.28"]
[Round "7"]
[White "W Nelles"]
[Black "TheCHESSHOUSE"]
[Result "0-1"]
[WhiteElo "1221"]
[BlackElo "2035"]
[Annotator "NA"]
[PlyCount "82"]
[EventDate "2020.08.28"]
[EventType "swiss (blitz)"]

1. e4 {[%emt 0:00:01]} c5 {[%emt 0:00:01]} 2. Nf3 {[%emt 0:00:01]} d6 {[%emt 0:00:00]} 3. Bc4 {[%emt 0:00:01]} e6 {[%emt 0:00:01]} 4. O-O {[%emt 0:00:01]} a6 {[%emt 0:00:00]} 5. c3 {[%emt 0:00:01]} b5 {[%emt 0:00:01]} 6. Be2 {[%emt 0:00:02]} Bb7 {[%emt 0:00:00]} 7. d4 {[%emt 0:00:01]} cxd4 {[%emt 0:00:03]} 8. Qxd4 {[%emt 0:00:02]} Nc6 {[%emt 0:00:02]} 9. Qd3 {[%emt 0:00:03]} Nf6 {[%emt 0:00:01]} 10. e5 {[%emt 0:00:01]} dxe5 {[%emt 0:00:01]} 11. Qxd8+ {[%emt 0:00:02]} Rxd8 {[%emt 0:00:00]} 12. Bg5 {[%emt 0:00:01]} Be7 {[%emt 0:00:00]} 13. Bxf6 {[%emt 0:00:02]} Bxf6 {[%emt 0:00:00]} 14. Nbd2 {[%emt 0:00:04]} O-O {[%emt 0:00:00]} 15. Ne4 {[%emt 0:00:01]} Be7 {[%emt 0:00:00]} 16. a3 {[%emt 0:00:02]} f6 {[%emt 0:00:03]} 17. b4 {[%emt 0:00:01]} Ba8 {[%emt 0:00:03]} 18. Nc5 {[%emt 0:00:01]} Bxc5 {[%emt 0:00:01]} 19. bxc5 {[%emt 0:00:01]} Rc8 {[%emt 0:00:01]} 20. Rfd1 {[%emt 0:00:01]} Rfd8 {[%emt 0:00:02]} 21. Rd6 {[%emt 0:00:02]} Ne7 {[%emt 0:00:02]} 22. Rxd8+ {[%emt 0:00:01]} Rxd8 {[%emt 0:00:01]} 23. Rd1 {[%emt 0:00:01]} Rxd1+ {[%emt 0:00:01]} 24. Bxd1 {[%emt 0:00:01]} Nd5 {[%emt 0:00:00]} 25. Bb3 {[%emt 0:00:01]} Kf7 {[%emt 0:00:02]} 26. c4 {[%emt 0:00:03]} Nc3 {[%emt 0:00:05]} 27. cxb5 {[%emt 0:00:02]} axb5 {[%emt 0:00:00]} 28. Kf1 {[%emt 0:00:02]} Bc6 {[%emt 0:00:01]} 29. Nd2 {[%emt 0:00:02]} f5 {[%emt 0:00:02]} 30. Bc2 {[%emt 0:00:02]} Kf6 {[%emt 0:00:01]} 31. f3 {[%emt 0:00:01]} g5 {[%emt 0:00:01]} 32. Kf2 {[%emt 0:00:01]} h5 {[%emt 0:00:01]} 33. g4 {[%emt 0:00:02]} hxg4 {[%emt 0:00:01]} 34. fxg4 {[%emt 0:00:01]} Ne4+ {[%emt 0:00:01]} 35. Nxe4+ {[%emt 0:00:01]} fxe4 {[%emt 0:00:00]} 36. Ke3 {[%emt 0:00:01]} Bd5 {[%emt 0:00:01]} 37. Bxe4 {[%emt 0:00:01]} Ke7 {[%emt 0:00:00]} 38. Bxd5 {[%emt 0:00:01]} exd5 {[%emt 0:00:00]} 39. Kd3 {[%emt 0:00:01]} Kd7 {[%emt 0:00:00]} 40. h3 {[%emt 0:00:02]} Kc6 {[%emt 0:00:01]} 41. Kc3 {[%emt 0:00:01]} Kxc5 {[%emt 0:00:00] Zeit Zeit Zeit (Lag: Av=0.68s, max=1.0s) (Lag: Av=0.68s, max=1.0s) (Lag: Av=0.68s, max=1.0s)} 0-1

[Event "417 Stay Safe Play From Home series"]
[Site "Emanuel Lasker Arena"]
[Date "2020.08.28"]
[Round "8"]
[White "Tran Minh Thang"]
[Black "Nguyen Hong Anh"]
[Result "1-0"]
[WhiteElo "2438"]
[BlackElo "2271"]
[PlyCount "79"]
[EventDate "2020.08.28"]
[EventType "swiss (blitz)"]

1. Nf3 {[%emt 0:00:01]} Nf6 {[%emt 0:00:01]} 2. e3 {[%emt 0:00:01]} g6 {[%emt 0:00:00]} 3. c4 {[%emt 0:00:00]} Bg7 {[%emt 0:00:00]} 4. Nc3 {[%emt 0:00:00]} d5 {[%emt 0:00:01]} 5. d4 {[%emt 0:00:00]} O-O {[%emt 0:00:02]} 6. cxd5 {[%emt 0:00:02]} Nxd5 {[%emt 0:00:01]} 7. Bc4 {[%emt 0:00:00]} Nb6 {[%emt 0:00:01]} 8. Bb3 {[%emt 0:00:00]} N8d7 {[%emt 0:00:01]} 9. Ne4 {[%emt 0:00:02]} Nf6 {[%emt 0:00:02]} 10. Nc5 {[%emt 0:00:01]} Nbd5 {[%emt 0:00:02]} 11. O-O {[%emt 0:00:01]} b6 {[%emt 0:00:01]} 12. Nd3 {[%emt 0:00:01]} Bb7 {[%emt 0:00:01]} 13. Re1 {[%emt 0:00:01]} c5 {[%emt 0:00:01]} 14. dxc5 {[%emt 0:00:01]} bxc5 {[%emt 0:00:01]} 15. Nxc5 {[%emt 0:00:00]} Bc6 {[%emt 0:00:01]} 16. Nd4 {[%emt 0:00:00]} Qb6 {[%emt 0:00:02]} 17. Na4 {[%emt 0:00:05]} Bxa4 {[%emt 0:00:02]} 18. Bxa4 {[%emt 0:00:01]} Rad8 {[%emt 0:00:00]} 19. Bd2 {[%emt 0:00:02]} e5 {[%emt 0:00:01]} 20. Nc6 {[%emt 0:00:01]} Rd6 {[%emt 0:00:02]} 21. Ba5 {[%emt 0:00:03]} Qa6 {[%emt 0:00:02]} 22. Qc1 {[%emt 0:00:03]} Rc8 {[%emt 0:00:03]} 23. b4 {[%emt 0:00:01]} Rdxc6 {[%emt 0:00:02]} 24. Bxc6 {[%emt 0:00:04]} Rxc6 {[%emt 0:00:00]} 25. Qb2 {[%emt 0:00:01]} Qb7 {[%emt 0:00:01]} 26. Rac1 {[%emt 0:00:02]} e4 {[%emt 0:00:02]} 27. Rxc6 {[%emt 0:00:01]} Qxc6 {[%emt 0:00:01]} 28. Rc1 {[%emt 0:00:00]} Qb7 {[%emt 0:00:01]} 29. Qc2 {[%emt 0:00:00]} h6 {[%emt 0:00:01]} 30. Qc8+ {[%emt 0:00:01]} Qxc8 {[%emt 0:00:01]} 31. Rxc8+ {[%emt 0:00:00]} Kh7 {[%emt 0:00:00]} 32. b5 {[%emt 0:00:00]} Nd7 {[%emt 0:00:02]} 33. Ra8 {[%emt 0:00:04]} N5b6 {[%emt 0:00:03]} 34. Rxa7 {[%emt 0:00:01]} Kg8 {[%emt 0:00:02]} 35. Rb7 {[%emt 0:00:02]} Nc4 {[%emt 0:00:01]} 36. Rxd7 {[%emt 0:00:01]} Nxa5 {[%emt 0:00:01]} 37. Ra7 {[%emt 0:00:02]} Nc4 {[%emt 0:00:02]} 38. Rc7 {[%emt 0:00:01]} Na5 {[%emt 0:00:02]} 39. b6 {[%emt 0:00:00]} Be5 {[%emt 0:00:01]} 40. Rc5 {[%emt 0:00:00] Nguyen Hong Anh resigns Nguyen Hong Anh resigns Nguyen Hong Anh resigns (Lag: Av=0.75s, max=1.4s) (Lag: Av=0.75s, max=1.4s) (Lag: Av=0.75s, max=1.4s)} 1-0